| Tag |
First Indicator |
Second Indicator |
Subfields |
| LEADER |
00000cam a2200000 4500 |
| 001 |
in00000076476 |
| 005 |
20151008052715.0 |
| 008 |
791126s1964 gw 00000 ger d |
| 035 |
|
|
|a (OCoLC)05731393
|
| 035 |
|
|
|9 AAH4553AM
|
| 040 |
|
|
|a COO
|c COO
|d TXA
|d UtOrBLW
|
| 041 |
1 |
|
|a ger
|a und
|
| 049 |
|
|
|a TXAM
|c [454443]
|
| 090 |
|
|
|a HC59
|b .K47 n.s. no. 31
|
| 090 |
|
|
|a HJ1091
|b D54
|
| 092 |
|
|
|a 339.344
|b D565s
|
| 100 |
1 |
|
|a Dieterlen, Pierre,
|d 1901-
|
| 245 |
1 |
0 |
|a Stabilisierungsplan und Einkommenspolitik in Frankreich /
|c [Ubers. von Ute Morgenroth].
|
| 264 |
|
1 |
|a Kiel,
|b [publisher not identified] ;
|c 1964.
|
| 300 |
|
|
|a 14 pages ;
|c 24 cm.
|
| 336 |
|
|
|a text
|b txt
|2 rdacontent
|
| 337 |
|
|
|a unmediated
|b n
|2 rdamedia
|
| 338 |
|
|
|a volume
|b nc
|2 rdacarrier
|
| 490 |
1 |
|
|a Kieler Vortrage ;
|v n. F., 31
|
| 650 |
|
0 |
|a Income
|z France.
|
| 830 |
|
0 |
|a Kieler Vorträge ;
|v n. F., 31.
|
| 999 |
|
|
|a MARS
|
| 999 |
f |
f |
|s 375d034b-63eb-3002-a9f8-14692c178d9c
|i 42caf40a-0111-3b05-a02d-ce407ba52755
|t 0
|
| 952 |
f |
f |
|p ric
|a Texas A&M University
|b Rellis Campus
|c Joint Library Facility
|d Remote Storage
|t 0
|e HJ1091 D54
|h Library of Congress classification
|i unmediated -- volume
|m A14800777866
|
| 998 |
f |
f |
|a HJ1091 D54
|t 0
|l Remote Storage
|